00241nam a2200097Ia 4500008004100000100001900041245003600060250000800096260003100104300000800135191201s2011 xx 000 0 und d aMOHAN, Krishna 0aDeveloping Communication skills aRep c2011bMacmillanaNEW DELHI a388